000 nas a22 a 4500
999 _c291376
_d291376
003 BLK
005 20230516101649.0
008 180413b bul |a|er|||| |0| c|bulo|
010 _aPRD00008871000
040 _aBLK
041 _aBUL
_cBUL
080 _aЗанаятчийски и индустриални камари. Търговски палати
_b334.788.2
_x(497.215)
_z334.788.2(497.215)
110 _aТърговско-индустриална камара. Русе
_9315118
139 _aТърговско-индустриална камара. Русе
245 1 0 _aСъкратени протоколи на Русенската търговско-индустриална камара за редовните и сесии
_b[1893 -] : 3-та ред. сесия. : Извлеч. от протоколите
_fНачална год. на издаване: [1893]
257 _aBGR
260 _aРусе
_bРусенска търг.-индустр. камара
_c1896
_fТ. Петров
_9217352
310 _dдни, в които се получава: 0000000
_eсрок за съхранение: 99
380 _a3
852 _bК
_cК 334/ Т 96
852 _aА 3902
_bЦб
856 _qpdf
_uhttp://185.138.176.146:18082/cgi-bin/koha/opac-retrieve-file.pl?id=74d251e76946ce55333667d45a815193
_i0.00
_lreg users access
_fСъкратени протоколи на Русенската търговско-индустриална камара за редовните и сесии
_xebook
_zСъкратени протоколи на Русенската търговско-индустриална камара за редовните и сесии
856 _qpdf
_u
_i0.00
_ldisable
942 _cCPU
_n0
_s1
944 _aCR
_cВася_Ганчева
_k27.11.2012
944 _aED
_c2023-04-19
_kКети
999 _d291376